000 01399nam a2200409 a 4500
999 _c203763
_d203763
003 BLK
005 20250328090754.0
008 180411b bul|||||r ||||||| ||bul||
010 _aKNG00213303000
020 _a978-954-330-462-2
040 _aBLK
041 _aBUL
_cBUL
072 7 _2bullib
_aН8301
_xТрилъри Н
080 _aНемска литература
_b821.112.2
_x-312.4
_z821.112.2-312.4
100 1 _aДемпф, Петер
_eпърви автор
_959827
139 _aДемпф, Петер
_bД 40
245 1 0 _aТайната на Йеронимус Бош
_bРоман
_cПетер Демпф; прев. от нем. Ваня Пенева.
250 _a2. изд.
257 _aDEU
260 _bУнискорп
_c2017
300 _a368 с.
_c21 см
380 _aX
490 1 _aПоредица Избрано за вас
500 _a1. изд. 2007. - Ориг. загл. Das Geheimnis des Hieronimus Bosch / Peter Dempf.
653 _aтрилъри
653 _aромани
659 _aН
700 1 _aПенева, Ваня
_eпрев. от нем.
_9363385
852 _aЦб 287593
856 4 _qpdf
856 4 _qpdf
942 _cKNG
_n0
_019
944 _aCR
_c16.10.2017
_lМартин Енчев
_k30575
944 _aED
_c31.10.2017
_lф /
_kЛюдмила_Стоянова
999 _d203763
999 _d203763